| 000 | 00978nas a2200325 4500 | ||
|---|---|---|---|
| 001 | BR2011001517 | ||
| 003 | BR-BrBNA | ||
| 005 | 20231205114508.0 | ||
| 007 | ta | ||
| 008 | 230509b bl.|||p| |||| 00| 00por d | ||
| 040 |
_aBR-BrBNA _bpor _cBiblioteca Nacional de Agricultura |
||
| 041 | _a(Pt) | ||
| 072 | _aQ54 | ||
| 100 | 1 | _aMiranda, L.F. | |
| 100 | 1 | _aPereira, E.S. | |
| 100 | 1 | _aRodriguez, N.M. | |
| 100 | 1 | _aGontijo Neto, M.M. | |
| 100 | 1 | _aArruda, A.M.V. de | |
| 245 | 1 | _aAvaliação da composição protéica e aminoacídica de forrageiras tropicais | |
| 650 | _aFORRAGEIRA TROPICAL | ||
| 650 | _aCOMPOSIÇÃO QUÍMICA | ||
| 650 | _aAMINOÁCIDO | ||
| 650 | _aCROMATOGRAFIA | ||
| 650 | _aANÁLISE DE ALIMENTO | ||
| 650 | _aNUTRIÇÃO ANIMAL | ||
| 650 | _aPROTEÍNA BRUTA | ||
| 773 | 0 |
_tRevista Caatinga (Brazil) _xISSN 0100-316X _g(Jan-Mar 2008), v. 21(1) p. 36-42 _wBR2011001517 |
|
| 909 |
_a202311 _bLúcia _c55 _dLúcia Elande |
||
| 942 |
_2AGRIS _n0 _cANA |
||
| 999 |
_c209037 _d209037 |
||